Sentiment extraction for malayalam - A rule based approach (Record no. 4590)

MARC details
000 -LEADER
fixed length control field 00573nam a22001937a 4500
003 - CONTROL NUMBER IDENTIFIER
control field OSt
005 - DATE AND TIME OF LATEST TRANSACTION
control field 20220107122758.0
008 - FIXED-LENGTH DATA ELEMENTS--GENERAL INFORMATION
fixed length control field 150406b xxu||||| |||| 00| 0 eng d
040 ## - CATALOGING SOURCE
Transcribing agency
100 ## - MAIN ENTRY--PERSONAL NAME
Personal name Deepu S Nair (MPCS 1303)
9 (RLIN) 6396
245 ## - TITLE STATEMENT
Title Sentiment extraction for malayalam - A rule based approach
500 ## - GENERAL NOTE
General note Mini Project Report
502 ## - DISSERTATION NOTE
Degree type MPhil. Computer Science
Name of granting institution 2013 - 2014
Year degree granted INT
-- Elizabeth Sherly
650 ## - SUBJECT ADDED ENTRY--TOPICAL TERM
Topical term or geographic name entry element NATURAL LANGUAGE PROCESSING
9 (RLIN) 6397
650 ## - SUBJECT ADDED ENTRY--TOPICAL TERM
Topical term or geographic name entry element NEURAL NETWORK
9 (RLIN) 6398
650 ## - SUBJECT ADDED ENTRY--TOPICAL TERM
Topical term or geographic name entry element PYTHON
9 (RLIN) 6399
650 ## - SUBJECT ADDED ENTRY--TOPICAL TERM
Topical term or geographic name entry element UNICODE
9 (RLIN) 6400
942 ## - ADDED ENTRY ELEMENTS (KOHA)
Source of classification or shelving scheme Dewey Decimal Classification
Koha item type
Holdings
Withdrawn status Lost status Source of classification or shelving scheme Damaged status Not for loan Home library Current library Date acquired Total Checkouts Barcode Date last seen Price effective from Koha item type
    Dewey Decimal Classification     IIITM-K Kerala University of Digital Sciences, Innovation and Technology Knowledge Centre 06/04/2015   R-520 06/04/2015 06/04/2015 Project Reports